[Event "Moquegua Ilo GP"]
[Site "Moquegua Ilo"]
[Date "2017.11.03"]
[Round "5"]
[White "Naveros Chile, Cristian"]
[Black "Luna Choquecota, Daniel"]
[Result "1-0"]
[WhiteElo "1647"]
[BlackElo "1983"]
[PlyCount "38"]
[EventDate "2017.11.01"]
[EventType "swiss"]
[EventRounds "8"]
[EventCountry "PER"]
[SourceTitle "CBM 181 Extra"]
[Source "ChessBase"]
[SourceDate "2017.12.12"]
[SourceVersion "1"]
[SourceVersionDate "2017.12.12"]
[SourceQuality "1"]

1. d4 Nf6 2. c4 e6 3. Nc3 d5 4. cxd5 exd5 5. Bg5 c6 6. Qc2 Na6 7. a3 Nc7 8. e3 Be7 9. Bd3 h6 10. Bh4 Be6 11. Nge2 Rc8 12. 0-0 0-0 13. f3 Re8 14. Bf2 Bf8 15. Rfe1 c5 16. dxc5 Bxc5 17. Nd4 Bd7 18. Qd2 Ne6 19. Nxe6 Bxe6 1-0

[Event "Moquegua Ilo GP"]
[Site "Moquegua Ilo"]
[Date "2017.11.02"]
[Round "2"]
[White "Lopez Herrera, Nalda Aracely"]
[Black "Naveros Chile, Cristian"]
[Result "0-1"]
[WhiteElo "1220"]
[BlackElo "1647"]
[PlyCount "60"]
[EventDate "2017.11.01"]
[EventType "swiss"]
[EventRounds "8"]
[EventCountry "PER"]
[SourceTitle "CBM 181 Extra"]
[Source "ChessBase"]
[SourceDate "2017.12.12"]
[SourceVersion "1"]
[SourceVersionDate "2017.12.12"]
[SourceQuality "1"]

1. e4 c5 2. c4 Nc6 3. Nc3 Nf6 4. Nf3 d6 5. d4 cxd4 6. Nxd4 g6 7. Nxc6 bxc6 8. g3 Bg7 9. Bg2 0-0 10. 0-0 Rb8 11. b3 Qc7 12. Be3 Bb7 13. Bxa7 Rbd8 14. Na4 Nd7 15. Rb1 c5 16. b4 Bxe4 17. Bxe4 Qxa7 18. bxc5 Nxc5 19. Nxc5 dxc5 20. Qe2 Rd7 21. Rb3 Rfd8 22. Rfb1 Rd2 23. Qf3 Qxa2 24. Rb7 Rxf2 25. Qxf2 Bd4 26. Bd5 Qxf2+ 27. Kh1 Rxd5 28. R7b2 Bxb2 29. Rg1 Qf3+ 30. Rg2 Rd1# 0-1

[Event "PER-ch"]
[Site "Lima"]
[Date "2017.03.05"]
[Round "9"]
[White "Naveros Chile, Cristian"]
[Black "Suasnabar, Jesus"]
[Result "1/2-1/2"]
[WhiteElo "1815"]
[BlackElo "2023"]
[PlyCount "70"]
[EventDate "2017.03.01"]
[EventType "swiss"]
[EventRounds "9"]
[EventCountry "PER"]
[SourceTitle "CBM 177 Extra"]
[Source "ChessBase"]
[SourceDate "2017.04.27"]
[SourceVersion "1"]
[SourceVersionDate "2017.04.27"]
[SourceQuality "1"]

1. d4 d5 2. c4 e6 3. Nc3 c5 4. Nf3 Nc6 5. e3 Nf6 6. Bd3 dxc4 7. Bxc4 a6 8. 0-0 b5 9. Be2 Bb7 10. dxc5 Bxc5 11. a3 Qc7 12. Qc2 Bd6 13. Bd2 Rc8 14. Rfc1 0-0 15. Ne4 Be7 16. Nxf6+ Bxf6 17. e4 Qb8 18. Bc3 Nd4 19. Nxd4 Bxd4 20. Qd3 Bxc3 21. Rxc3 Rxc3 22. bxc3 Rd8 23. Qe3 Qd6 24. f3 Qd2 25. Qxd2 Rxd2 26. Rd1 Rxd1+ 27. Bxd1 Kf8 28. a4 bxa4 29. Bxa4 e5 30. c4 Ke7 31. c5 g6 32. Kf2 f5 33. exf5 gxf5 34. g4 f4 35. g5 e4 1/2-1/2

[Event "Ilo-ch U2200"]
[Site "Ilo"]
[Date "2016.12.16"]
[Round "1.1"]
[White "Robledo, Manuel"]
[Black "Naveros Chile, Cristian"]
[Result "1-0"]
[WhiteElo "2199"]
[BlackElo "1642"]
[PlyCount "81"]
[EventDate "2016.12.16"]
[EventType "swiss"]
[EventRounds "7"]
[EventCountry "PER"]
[SourceTitle "EXT 2024"]
[Source "ChessBase"]
[SourceDate "2023.10.10"]
[SourceVersion "1"]
[SourceVersionDate "2023.10.10"]
[SourceQuality "1"]

1. d4 Nf6 2. c4 e6 3. Nf3 Bb4+ 4. Nbd2 b6 5. g3 Bb7 6. Bg2 c5 7. d5 exd5 8. Nh4 Qc7 9. 0-0 d4 10. Ndf3 0-0 11. a3 Ba5 12. Bf4 d6 13. Nf5 Rd8 14. e3 Be4 15. g4 d3 16. Ng3 Bc6 17. g5 Ne8 18. Qxd3 Qb7 19. e4 Na6 20. Rfd1 Nac7 21. Rab1 Ne6 22. Be3 b5 23. b3 Rab8 24. h4 b4 25. a4 Bc7 26. h5 Rd7 27. Nh4 g6 28. Bh3 Re7 29. Re1 Rd8 30. Rbd1 N6g7 31. Bc1 Bb8 32. h6 Ne6 33. Nf3 a5 34. Bg2 Red7 35. Nh2 Nd4 36. Bb2 Ne6 37. Qd2 Rc8 38. Ng4 Bc7 39. Ba1 Bd8 40. f4 Nd4 41. Qb2 1-0

[Event "Arequipa Llerena Memorial U2200"]
[Site "Arequipa"]
[Date "2016.12.10"]
[Round "5.5"]
[White "Flores, Guillermo"]
[Black "Naveros Chile, Cristian"]
[Result "0-1"]
[WhiteElo "2090"]
[BlackElo "1642"]
[PlyCount "100"]
[EventDate "2016.12.08"]
[EventType "swiss"]
[EventRounds "7"]
[EventCountry "PER"]
[SourceTitle "EXT 2024"]
[Source "ChessBase"]
[SourceDate "2023.10.10"]
[SourceVersion "1"]
[SourceVersionDate "2023.10.10"]
[SourceQuality "1"]

1. d4 Nf6 2. Bf4 e6 3. Nf3 d5 4. e3 c5 5. c3 Nc6 6. Nbd2 Bd6 7. Bg3 0-0 8. Bd3 Re8 9. Ne5 Ne7 10. 0-0 Ng6 11. h4 Bxe5 12. dxe5 Nd7 13. Qh5 f5 14. exf6 Nxf6 15. Qg5 Nh8 16. e4 Nf7 17. Qe3 d4 18. cxd4 cxd4 19. Qe2 e5 20. Bc4 Be6 21. Rac1 Rc8 22. b3 a6 23. a4 Bxc4 24. Rxc4 Nd6 25. Rcc1 Qd7 26. Rfe1 b5 27. axb5 axb5 28. f3 Rc3 29. Ra1 Qc6 30. Ra7 Qb6 31. Rea1 Rc2 32. Bf2 Qc5 33. Kh2 Qc3 34. Be1 Qxb3 35. Nxb3 Rxe2 36. Ra8 Rxa8 37. Rxa8+ Kf7 38. Bb4 Nc4 39. Ra7+ Kg6 40. Nc5 Ne3 41. Ne6 Nh5 42. Bf8 Rxg2+ 43. Kh3 Rg3+ 44. Kh2 Rg2+ 45. Kh3 Kf6 46. Ra6 Kf7 47. Bc5 Rg3+ 48. Kh2 Rg2+ 49. Kh3 Rg1 50. Ng5+ Ke8 0-1

[Event "Arequipa Llerena Memorial U2200"]
[Site "Arequipa"]
[Date "2016.12.10"]
[Round "4.8"]
[White "Naveros Chile, Cristian"]
[Black "Calisaya, Angel"]
[Result "1-0"]
[WhiteElo "1642"]
[BlackElo "1927"]
[PlyCount "80"]
[EventDate "2016.12.08"]
[EventType "swiss"]
[EventRounds "7"]
[EventCountry "PER"]
[SourceTitle "EXT 2024"]
[Source "ChessBase"]
[SourceDate "2023.10.10"]
[SourceVersion "1"]
[SourceVersionDate "2023.10.10"]
[SourceQuality "1"]

1. d4 d5 2. c4 c6 3. Nc3 Nf6 4. Nf3 dxc4 5. a4 Bf5 6. e3 e6 7. Bxc4 Bb4 8. 0-0 0-0 9. Qb3 Qa5 10. Na2 c5 11. dxc5 Bxc5 12. Qxb7 Be4 13. Qb5 Qc7 14. Be2 Nbd7 15. b4 Bd6 16. Qc4 Qxc4 17. Bxc4 Rfc8 18. Ba6 Rc2 19. Nd4 Be5 20. b5 Rc7 21. Nb4 Nc5 22. Bb2 Nxa6 23. Nxa6 Rc4 24. Rfc1 Rac8 25. Nc6 Rxc1+ 26. Rxc1 Bxc6 27. Bxe5 Bb7 28. Rxc8+ Bxc8 29. Nc5 Nd5 30. Bb8 a6 31. bxa6 Nb6 32. a7 Kf8 33. a5 Na8 34. Kf1 Ke7 35. Ke2 f6 36. Kd3 h5 37. Kc4 g5 38. Na4 Bb7 39. g3 f5 40. Kd4 Kf6 1-0